000 00351pab a2200157 454500
008 180718b2013 xxu||||| |||| 00| 0 eng d
100 _aKrishnan, S.
245 _aUnited Nations and NATO
260 _c2013
300 _ap.72-81.
362 _aJan-Mar
650 _aNATO
650 _aUnited Nations
773 _aUSI Journal
909 _a107713
999 _c107708
_d107708